Os 15 principais países afetados pela Covid-19 - 15 de setembro 2021 - Statistics

Estatísticas Gerais
  • Esse quiz foi jogado 18 vezes
  • A pontuação média é 15 de 26
Estatísticas das Respostas
país % Correto
Brasil
100%
Estados Unidos
100%
Itália
100%
Alemanha
94%
Índia
94%
Argentina
88%
Espanha
88%
França
82%
Reino Unido
82%
Indonésia
76%
Irão
71%
México
71%
Rússia
65%
Países Baixos
59%
Colômbia
53%
Suécia
47%
Israel
41%
Turquia
41%
Uruguai
35%
Eslovénia
18%
Panamá
18%
Chéquia
12%
Bahrein
6%
Estônia
6%
Geórgia
6%
Lituânia
6%
Nenhum quiz correspondente encontrado
Distribuição das Pontuações
Porcentagem de Pessoas com Cada Pontuação
Percentil de Números Respondidos
Sua Pontuação Histórica
Você não jogou esse quiz